[Event "XXXIV Open"]
[Site "Seville ESP"]
[Date "2009.01.31"]
[Round "9"]
[White "Salgado Lopez, I."]
[Black "Spraggett, K."]
[Result "1/2-1/2"]
[WhiteElo "2554"]
[BlackElo "2586"]
[PlyCount "60"]
[EventDate "2009.01.23"]
[SourceDate "1999.07.01"]

1. e4 Nf6 2. e5 Nd5 3. d4 d6 4. Nf3 dxe5 5. Nxe5 g6 6. Be2 Bg7 7. Nf3 O-O 8.
O-O Bg4 9. h3 Bxf3 10. Bxf3 c6 11. Na3 e6 12. Re1 Nd7 13. Nc4 b5 14. Ne5 Qc7
15. Qe2 a5 16. c3 a4 17. Bd2 Nxe5 18. dxe5 Rfd8 19. g3 Rd7 20. h4 h6 21. Rac1
Nb6 22. Rc2 Nc4 23. Bf4 Rad8 24. b3 Nb6 25. Kg2 axb3 26. axb3 Nd5 27. Bd2 Ne7
28. Bf4 Qa5 29. Be4 Qc7 30. Bf3 Nd5 1/2-1/2

[Event "Masters"]
[Site "Bunratty IRL"]
[Date "2009.02.22"]
[Round "6"]
[White "Svidler, P."]
[Black "Baburin, A."]
[Result "1-0"]
[WhiteElo "2723"]
[BlackElo "2541"]
[PlyCount "45"]
[EventDate "2009.02.20"]
[SourceDate "1999.07.01"]

1. e4 Nf6 2. e5 Nd5 3. d4 d6 4. Nf3 dxe5 5. Nxe5 c6 6. Be2 g6 7. c4 Nc7 8. Nc3
Bg7 9. Be3 O-O 10. f4 Nd7 11. O-O Nxe5 12. fxe5 c5 13. dxc5 Bxe5 14. Qe1 Bd4
15. Bf3 e5 16. Rd1 a5 17. Bxd4 exd4 18. Qe5 Ne6 19. Nb5 Qe7 20. Nd6 Qc7 21. Bd5
Ra6 22. Kh1 h5 23. Rf6 1-0

[Event "25th Open"]
[Site "Cappelle la Grande FRA"]
[Date "2009.03.02"]
[Round "3"]
[White "Bobras, P."]
[Black "Dzhumaev, M."]
[Result "1/2-1/2"]
[WhiteElo "2554"]
[BlackElo "2529"]
[PlyCount "145"]
[EventDate "2009.02.28"]
[SourceDate "1999.07.01"]

1. e4 Nf6 2. e5 Nd5 3. d4 d6 4. Nf3 Bf5 5. Bd3 Bxd3 6. Qxd3 Nc6 7. O-O e6 8. c4
Nde7 9. exd6 Qxd6 10. Nc3 O-O-O 11. Nb5 Qd7 12. Bf4 a6 13. Nxc7 Ng6 14. Bg3 Bd6
15. Na8 Kb8 16. Nb6 Qc7 17. c5 Bxg3 18. hxg3 Nxd4 19. Nxd4 e5 20. Qa3 exd4 21.
b4 Qc6 22. b5 axb5 23. Qa8+ Kc7 24. Qa5 h5 25. Nd5+ Kc8 26. Nb4 Qc7 27. Qxb5
Ne5 28. a4 h4 29. a5 h3 30. a6 hxg2 31. Kxg2 bxa6 32. Qxa6+ Qb7+ 33. Qxb7+ Kxb7
34. Rfb1 Nc6 35. Na6+ Kc8 36. Rb6 Rh6 37. Nb4 Nxb4 38. Ra8+ Kd7 39. Rxd8+ Kxd8
40. Rxb4 Rc6 41. Rxd4+ Ke7 42. Rd5 Ke6 43. Rg5 f6 44. Rxg7 Rxc5 45. Kh3 Rc2 46.
f3 Rc3 47. Kg4 f5+ 48. Kf4 Kf6 49. Rd7 Rc4+ 50. Ke3 f4+ 51. gxf4 Rc6 52. Ke4
Re6+ 53. Kd3 Re1 54. Kd2 Re8 55. Rd5 Re7 56. Rg5 Re8 57. Rh5 Re7 58. Rh8 Ra7
59. Ke3 Ra3+ 60. Kf2 Ra1 61. Rh5 Kg6 62. Rb5 Kf6 63. Rb8 Rc1 64. Rf8+ Ke7 65.
Rf5 Ke6 66. Re5+ Kf6 67. Ra5 Rb1 68. f5 Kg5 69. Ke3 Rb4 70. Rd5 Ra4 71. f4+ Kf6
72. Kf3 Ra1 73. Ke4 1/2-1/2

[Event "25th Open"]
[Site "Cappelle la Grande FRA"]
[Date "2009.03.04"]
[Round "6"]
[White "Vovk, Y."]
[Black "Miroshnichenko, E."]
[Result "1/2-1/2"]
[WhiteElo "2546"]
[BlackElo "2667"]
[PlyCount "92"]
[EventDate "2009.02.28"]
[SourceDate "1999.07.01"]

1. e4 Nf6 2. e5 Nd5 3. d4 d6 4. Nf3 dxe5 5. Nxe5 c6 6. Be2 g6 7. O-O Bg7 8. c4
Nc7 9. Be3 O-O 10. f4 Nd7 11. Nc3 Ne6 12. Bg4 Nxe5 13. dxe5 f6 14. exf6 Bxf6
15. Qe1 Ng7 16. Rd1 Qc7 17. Bxc8 Raxc8 18. b3 Rcd8 19. Ne4 Rxd1 20. Qxd1 Nf5
21. Bf2 Qxf4 22. Nxf6+ Rxf6 23. Bxa7 Qc7 24. Bf2 Rd6 25. Qe2 Qd7 26. a4 Rd2 27.
Qe4 Rd1 28. g4 Nh6 29. h3 Nf7 30. Be3 Qd3 31. Qxd3 Rxd3 32. Bc5 Rxb3 33. Bxe7
Rxh3 34. Rb1 Rg3+ 35. Kh1 Rxg4 36. Rxb7 Rxc4 37. a5 Ra4 38. Bf6 Nd6 39. Rg7+
Kf8 40. Rxh7 Ne4 41. Bd8 Ke8 42. Bb6 Ra1+ 43. Kg2 Ra2+ 44. Kg1 g5 45. Rc7 c5
46. Bxc5 Nxc5 1/2-1/2

[Event "Amplico ch-EUR Rapid"]
[Site "Warsaw POL"]
[Date "2012.12.15"]
[Round "7.8"]
[White "Shirov, A."]
[Black "Gritsak, O."]
[Result "1/2-1/2"]
[WhiteElo "2708"]
[BlackElo "2549"]
[PlyCount "60"]
[EventDate "2012.12.15"]
[SourceDate "1999.07.01"]

1. e4 Nf6 2. e5 Nd5 3. d4 d6 4. Nf3 dxe5 5. Nxe5 c6 6. Bc4 Nd7 7. Nd3 N7f6 8.
Bb3 Bg4 9. f3 Bf5 10. c4 Nc7 11. Be3 Bxd3 12. Qxd3 e5 13. Nc3 exd4 14. Qxd4
Qxd4 15. Bxd4 Ne6 16. Bxf6 gxf6 17. O-O-O Rd8 18. Rde1 Bh6+ 19. Kb1 Bd2 20. Re2
Bxc3 21. bxc3 Kf8 22. Bc2 Nc5 23. f4 Re8 24. Rhe1 Rxe2 25. Rxe2 h6 26. Bf5 Kg7
27. Kc2 Rd8 28. Re3 Kf8 29. Rh3 Kg7 30. Rg3+ Kf8 1/2-1/2

[Event "Amplico ch-EUR Rapid"]
[Site "Warsaw POL"]
[Date "2012.12.16"]
[Round "11.5"]
[White "Naiditsch, A."]
[Black "Gritsak, O."]
[Result "1-0"]
[WhiteElo "2708"]
[BlackElo "2549"]
[PlyCount "89"]
[EventDate "2012.12.15"]
[SourceDate "1999.07.01"]

1. e4 Nf6 2. e5 Nd5 3. d4 d6 4. c4 Nb6 5. exd6 exd6 6. Nc3 Nc6 7. h3 Be7 8. Nf3
Bf5 9. d5 Nb4 10. Nd4 Bg6 11. a3 Na6 12. Be2 Nc5 13. O-O O-O 14. f4 h6 15. f5
Bh7 16. b4 Ncd7 17. Ne4 Nf6 18. Nf2 a5 19. Bb2 axb4 20. axb4 Rxa1 21. Bxa1 Qd7
22. g4 c6 23. dxc6 bxc6 24. b5 cxb5 25. cxb5 d5 26. Nc6 Bc5 27. Kg2 Re8 28. Nd3
Be3 29. Nde5 Qd6 30. Bf3 Qc5 31. Re1 h5 32. Rxe3 Qxe3 33. Bd4 Qf4 34. Bxb6 Ne4
35. Bxe4 Qxe4+ 36. Qf3 Rxe5 37. Nxe5 Qxe5 38. Bf2 hxg4 39. hxg4 g6 40. Qe3 Qb2
41. b6 gxf5 42. Qg5+ Bg6 43. gxf5 d4 44. Qd8+ Kh7 45. fxg6+ 1-0

[Event "2nd UNAM Open Section I 2012"]
[Site "Mexico City MEX"]
[Date "2012.11.24"]
[Round "5.1"]
[White "Quesada Perez, Yu"]
[Black "Hernandez Carmenates, Hold"]
[Result "1/2-1/2"]
[WhiteElo "2604"]
[BlackElo "2562"]
[PlyCount "81"]
[EventDate "2012.11.21"]
[SourceDate "1999.07.01"]

1. e4 Nf6 2. e5 Nd5 3. d4 d6 4. Nf3 dxe5 5. Nxe5 c6 6. Be2 Nd7 7. Nf3 N7f6 8.
c4 Nb6 9. h3 Bf5 10. Nc3 e6 11. O-O Be7 12. Be3 O-O 13. Nh4 Bg6 14. Nxg6 hxg6
15. Qc2 Qc7 16. Rad1 Rfd8 17. a3 e5 18. Rfe1 exd4 19. Bxd4 Rd7 20. Bf1 Rad8 21.
Be5 Qc8 22. b4 Rxd1 23. Nxd1 c5 24. b5 Bd6 25. Bb2 Nbd7 26. Ne3 Be5 27. Rd1
Bxb2 28. Qxb2 Nf8 29. Rxd8 Qxd8 30. Qe5 Ne6 31. Nd5 b6 32. Bd3 Nd4 33. Qe7 Qxe7
34. Nxe7+ Kf8 35. Nc8 Ke8 36. Nxa7 Kd7 37. f3 Kc7 38. Kf2 Kb7 39. Nc6 Nxc6 40.
bxc6+ Kxc6 41. Ke3 1/2-1/2

[Event "VIII Governor's Cup"]
[Site "Khanty-Mansiysk RUS"]
[Date "2012.11.16"]
[Round "2.3"]
[White "Frolyanov, D."]
[Black "Khairullin, I."]
[Result "0-1"]
[WhiteElo "2556"]
[BlackElo "2642"]
[PlyCount "56"]
[EventDate "2012.11.15"]
[SourceDate "1999.07.01"]

1. e4 Nf6 2. e5 Nd5 3. d4 d6 4. Nf3 dxe5 5. Nxe5 c6 6. Be2 Bf5 7. O-O Nd7 8.
Nd3 g6 9. Nd2 Bg7 10. Nf3 O-O 11. c3 Rc8 12. Nf4 N7b6 13. Re1 c5 14. Nxd5 Nxd5
15. dxc5 Rxc5 16. Nd4 Be4 17. Qa4 Rxc3 18. Nb5 Bc2 19. Qxa7 Rc8 20. Qxb7 e6 21.
Na3 Qa5 22. Rf1 Ba4 23. Nc4 Qc5 24. b3 Bc6 25. Qa6 Bb5 26. Qb7 Rb8 27. Ba3 Qd4
28. Bb2 Rxb7 0-1

[Event "US Chess League 2012"]
[Site "ICC INT"]
[Date "2012.11.07"]
[Round "10"]
[White "Ivanov, AV USA."]
[Black "Erenburg, S."]
[Result "0-1"]
[WhiteElo "2530"]
[BlackElo "2629"]
[PlyCount "82"]
[EventDate "2012.09.04"]
[SourceDate "1999.07.01"]
[WhiteTeam "New England"]
[BlackTeam "Philadelphia"]

1. e4 Nf6 2. e5 Nd5 3. d4 d6 4. Nf3 dxe5 5. Nxe5 c6 6. g3 g6 7. Bg2 Bg7 8. O-O
Nd7 9. Nf3 O-O 10. Re1 c5 11. Na3 cxd4 12. Nxd4 N7b6 13. c3 Bd7 14. Bg5 h6 15.
Bd2 Rc8 16. Nf3 e6 17. Ne5 Ba4 18. Qe2 Qe7 19. Rac1 Bc6 20. Nxc6 bxc6 21. Nc2
Qc5 22. Ne3 Nxe3 23. Bxe3 Qa5 24. a3 Nd5 25. Bd2 Qa4 26. Qd1 Qa6 27. Qc2 Rfd8
28. Rcd1 c5 29. h4 Rb8 30. Bc1 Nb6 31. Bf4 Rbc8 32. Qc1 h5 33. Bg5 Rxd1 34.
Rxd1 Qa4 35. Rd3 Qb3 36. Qd2 Nc4 37. Rd8+ Kh7 38. Qd7 Rxd8 39. Bxd8 Qxb2 40.
Qxf7 Qc1+ 41. Kh2 Ne5 0-1

[Event "16th OIBM 2012"]
[Site "Bad Wiessee GER"]
[Date "2012.11.02"]
[Round "7.4"]
[White "Pap, M."]
[Black "Khenkin, I."]
[Result "0-1"]
[WhiteElo "2513"]
[BlackElo "2655"]
[PlyCount "52"]
[EventDate "2012.10.27"]
[SourceDate "1999.07.01"]

1. e4 Nf6 2. e5 Nd5 3. c4 Nb6 4. c5 Nd5 5. Nc3 e6 6. d4 d6 7. cxd6 cxd6 8. Nf3
Nxc3 9. bxc3 Qc7 10. Bd2 Nd7 11. Qa4 b6 12. c4 Bb7 13. exd6 Bxd6 14. c5 bxc5
15. dxc5 Bxc5 16. Bf4 Qb6 17. Bb5 Bxf2+ 18. Ke2 O-O 19. Bxd7 Ba6+ 20. Kd1 Rad8
21. Bd2 Be3 22. Rc1 Bxd2 23. Rc6 Qb1+ 24. Kxd2 Rxd7+ 25. Ke3 Qd3+ 26. Kf2 Bb7
0-1

[Event "St Petersburg Rapid Cup 2012"]
[Site "St Petersburg RUS"]
[Date "2012.10.06"]
[Round "5.2"]
[White "Alekseev, Evgeny"]
[Black "Vitiugov, N."]
[Result "0-1"]
[WhiteElo "2683"]
[BlackElo "2691"]
[PlyCount "136"]
[EventDate "2012.10.05"]
[SourceDate "1999.07.01"]

1. e4 Nf6 2. e5 Nd5 3. d4 d6 4. Nf3 dxe5 5. Nxe5 c6 6. Be2 Bf5 7. O-O Nd7 8.
Bg4 Bxg4 9. Qxg4 g6 10. Nf3 Bg7 11. Qh3 N7f6 12. Bh6 O-O 13. Bxg7 Kxg7 14. Nbd2
h6 15. Qg3 Rc8 16. Nb3 a5 17. a4 b6 18. c3 e6 19. Ne5 Ne7 20. Nc4 Qd5 21. Nbd2
Nf5 22. Qe5 Rb8 23. Rfe1 Rfd8 24. Ra3 Nd6 25. Nxd6 Rxd6 26. Ne4 Qxe5 27. dxe5
Nxe4 28. exd6 Nxd6 29. Rd1 Nc4 30. Ra2 Kf6 31. b3 Ne5 32. Re2 g5 33. f3 b5 34.
axb5 Rxb5 35. Rb1 c5 36. Ree1 Rb8 37. Kf1 c4 38. bxc4 Rc8 39. Ke2 Rxc4 40. Kd2
Rc5 41. Kc2 Ng6 42. Re4 Nf4 43. g3 Nd5 44. c4 Nb4+ 45. Kb3 Ke7 46. Rd1 Rf5 47.
Re3 Rc5 48. Re4 Rf5 49. f4 gxf4 50. Rxf4 Re5 51. Ka4 Na6 52. Rf3 Rc5 53. Rfd3
Nb8 54. Rc3 Nd7 55. Rb1 Ne5 56. Rb7+ Kd6 57. Kb3 Kc6 58. Rb8 Kd6 59. Rh8 Nc6
60. Rxh6 Nd4+ 61. Ka4 Re5 62. Rf6 Re2 63. Rxf7 Rxh2 64. Kxa5 Kc5 65. Ka6 Nc6
66. Ra3 Rh8 67. Rc7 Ra8+ 68. Kb7 Rb8+ 0-1

[Event "St Petersburg Rapid Cup 2012"]
[Site "St Petersburg RUS"]
[Date "2012.10.07"]
[Round "11.4"]
[White "Efimenko, Z."]
[Black "Khairullin, I."]
[Result "1/2-1/2"]
[WhiteElo "2689"]
[BlackElo "2639"]
[PlyCount "57"]
[EventDate "2012.10.05"]
[SourceDate "1999.07.01"]

1. e4 Nf6 2. e5 Nd5 3. d4 d6 4. Nf3 dxe5 5. Nxe5 c6 6. Bc4 Nd7 7. Nf3 N7f6 8.
h3 Bf5 9. O-O e6 10. Bd3 Bxd3 11. Qxd3 Bd6 12. c4 Nf4 13. Qc2 Ng6 14. Nc3 O-O
15. Be3 Qc7 16. Rad1 Bf4 17. Ne4 Nxe4 18. Qxe4 Bxe3 19. fxe3 h6 20. h4 Rad8 21.
h5 Ne7 22. Ne5 Nf5 23. Rf3 c5 24. g4 Nd6 25. Qf4 cxd4 26. exd4 Nxc4 27. Rc1 b5
28. Nxc4 Qxf4 29. Ne5 1/2-1/2

[Event "Vladivostok Russian Cup 2012"]
[Site "Vladivostok RUS"]
[Date "2012.09.23"]
[Round "7.1"]
[White "Romanov, E."]
[Black "Shomoev, A."]
[Result "1-0"]
[WhiteElo "2590"]
[BlackElo "2571"]
[PlyCount "69"]
[EventDate "2012.09.17"]
[SourceDate "1999.07.01"]

1. e4 Nf6 2. e5 Nd5 3. d4 d6 4. c4 Nb6 5. exd6 cxd6 6. Be2 g6 7. Nf3 Bg7 8. h3
O-O 9. O-O Nc6 10. Nc3 Bf5 11. Bg5 h6 12. Be3 d5 13. b3 e6 14. Rc1 Be4 15. Ne5
Nxe5 16. dxe5 Bxe5 17. Nxe4 dxe4 18. Bxh6 Re8 19. Qxd8 Rexd8 20. Rfd1 Nd7 21.
Be3 b6 22. b4 f5 23. g3 Nf6 24. a4 Kf7 25. a5 Bc7 26. Rxd8 Bxd8 27. a6 Be7 28.
Rb1 Nd7 29. h4 Rc8 30. Kf1 Ke8 31. c5 bxc5 32. Bb5 e5 33. bxc5 f4 34. gxf4 exf4
35. Rd1 1-0

[Event "3rd Oliver Gonzalez Mem Open A"]
[Site "Madrid ESP"]
[Date "2012.09.05"]
[Round "5.2"]
[White "Kravtsiv, M."]
[Black "Hernandez Carmenates, Hold"]
[Result "1/2-1/2"]
[WhiteElo "2581"]
[BlackElo "2561"]
[PlyCount "60"]
[EventDate "2012.09.01"]
[SourceDate "1999.07.01"]

1. e4 Nf6 2. e5 Nd5 3. d4 d6 4. Nf3 g6 5. Bc4 c6 6. O-O Bg7 7. exd6 Qxd6 8. Re1
Bg4 9. Nbd2 O-O 10. h3 Bxf3 11. Nxf3 Nd7 12. Bb3 e6 13. c3 b5 14. Bg5 h6 15.
Bh4 c5 16. dxc5 Nxc5 17. Bxd5 Qxd5 18. Qxd5 exd5 19. Be7 Rfc8 20. Bxc5 Rxc5 21.
a3 a5 22. Red1 Rb8 23. Rd2 b4 24. axb4 axb4 25. cxb4 Rxb4 26. Rad1 Rxb2 27.
Rxd5 Rxd5 28. Rxd5 Rb1+ 29. Kh2 Bf6 30. g3 Kg7 1/2-1/2

[Event "3rd Oliver Gonzalez Mem Open A"]
[Site "Madrid ESP"]
[Date "2012.09.07"]
[Round "7.1"]
[White "Vovk, A."]
[Black "Hernandez Carmenates, Hold"]
[Result "1/2-1/2"]
[WhiteElo "2549"]
[BlackElo "2561"]
[PlyCount "118"]
[EventDate "2012.09.01"]
[SourceDate "1999.07.01"]

1. e4 Nf6 2. e5 Nd5 3. d4 d6 4. Nf3 g6 5. Bc4 c6 6. exd6 Qxd6 7. O-O Bg7 8. h3
O-O 9. Re1 a5 10. Bg5 e6 11. Nbd2 Nd7 12. Bf1 b5 13. Ne4 Qc7 14. Qd2 Ba6 15.
Bh6 b4 16. Bxa6 Rxa6 17. Ne5 Raa8 18. Bxg7 Kxg7 19. Nd3 Qb6 20. Ndc5 Rad8 21.
c4 bxc3 22. bxc3 N5f6 23. Rab1 Nxe4 24. Qf4 Qa7 25. Nxe4 Rc8 26. Nd6 Rb8 27. g4
Rb6 28. Nc4 Qb8 29. Qxb8 Rbxb8 30. Nxa5 Ra8 31. Rb7 Nc5 32. dxc5 Rxa5 33. Rxe6
Rxc5 34. Re3 h5 35. Ra7 hxg4 36. hxg4 Rc4 37. f3 Rd8 38. Kf2 Rd2+ 39. Kg3 g5
40. Ra5 Rd5 41. Rxd5 cxd5 42. Re5 Kg6 43. Rxd5 Rxc3 44. Rd6+ f6 45. Ra6 Rc2 46.
Ra3 Rb2 47. Ra7 Rc2 48. Kh3 Rf2 49. Kg3 Rd2 50. Ra3 Rb2 51. f4 gxf4+ 52. Kxf4
Rb4+ 53. Kf3 f5 54. Ra6+ Kg5 55. gxf5 Kxf5 56. Ke3 Ke5 57. Kd3 Kd5 58. Kc3 Rh4
59. Rb6 Kc5 1/2-1/2

[Event "27th Schwarzacher Open"]
[Site "Schwarzach AUT"]
[Date "2012.08.21"]
[Round "4.1"]
[White "Krivoborodov, E."]
[Black "Zelcic, R."]
[Result "1/2-1/2"]
[WhiteElo "2503"]
[BlackElo "2552"]
[PlyCount "133"]
[EventDate "2012.08.18"]
[SourceDate "1999.07.01"]

1. e4 Nf6 2. e5 Nd5 3. d4 d6 4. Nf3 Nb6 5. a4 a5 6. Nc3 Bf5 7. Bd3 Bxd3 8. Qxd3
e6 9. Bg5 Be7 10. exd6 Qxd6 11. Ne4 Qd8 12. Bxe7 Qxe7 13. O-O Nd5 14. Qb5+ c6
15. Qxb7 Qxb7 16. Nd6+ Ke7 17. Nxb7 Nd7 18. Nc5 Nxc5 19. dxc5 Rhb8 20. b3 Nb4
21. Rac1 Kf6 22. Rfd1 Rd8 23. Rd6 Rxd6 24. cxd6 Rd8 25. Nd2 e5 26. Nc4 Ke6 27.
Kf1 c5 28. Nxa5 Rxd6 29. Nb7 Rd2 30. Ke1 Rxc2 31. Rxc2 Nxc2+ 32. Kd2 Nd4 33.
Nxc5+ Kd5 34. b4 Kc4 35. Na6 f5 36. b5 Nb3+ 37. Ke3 Na5 38. Nb8 Kb4 39. Nc6+
Kxa4 40. Nxe5 Kxb5 41. Kf4 Kc5 42. Kxf5 Kd6 43. h4 Ke7 44. h5 Nb7 45. Kg5 Nc5
46. h6 Ne6+ 47. Kh5 Kf6 48. Ng4+ Kf7 49. hxg7 Kxg7 50. g3 Nc5 51. f3 Ne6 52. f4
Nd4 53. Ne3 Ne2 54. Nf1 Kf6 55. Kg4 h5+ 56. Kh4 Kf5 57. Ne3+ Ke4 58. Ng2 Kf5
59. Kh3 Ng1+ 60. Kh4 Ne2 61. Ne3+ Ke4 62. f5 Ke5 63. g4 hxg4 64. Kg5 Ng3 65.
Nxg4+ Kd5 66. f6 Ne4+ 67. Kf5 1/2-1/2

[Event "20th Montcada Open"]
[Site "Montcada i Reixac ESP"]
[Date "2012.06.29"]
[Round "5.3"]
[White "Ibarra Jerez, JC."]
[Black "Hernandez Carmenates, Hold"]
[Result "0-1"]
[WhiteElo "2523"]
[BlackElo "2570"]
[PlyCount "96"]
[EventDate "2012.06.25"]
[SourceDate "1999.07.01"]

1. e4 Nf6 2. e5 Nd5 3. c4 Nb6 4. d4 d6 5. exd6 exd6 6. Nc3 Be7 7. Bd3 O-O 8.
Nge2 Nc6 9. O-O Re8 10. Be3 Nb4 11. b3 d5 12. c5 Nd7 13. Bb1 c6 14. a3 Na6 15.
Qd2 Nc7 16. b4 g6 17. Bd3 Nf6 18. f3 Nh5 19. Ng3 Ng7 20. f4 Bf5 21. Nxf5 Nxf5
22. Bxf5 gxf5 23. Qd3 Qd7 24. Rf3 a5 25. bxa5 Rxa5 26. Rg3+ Kh8 27. Rh3 Bf6 28.
Bf2 Nb5 29. Nxb5 cxb5 30. Rh6 Ra6 31. Qh3 b4 32. Rxh7+ Kg8 33. Rh5 Rea8 34.
Rxf5 Rxa3 35. Rg5+ Bxg5 36. Qxd7 Rxa1+ 37. Be1 Bf6 38. Qxb7 Bxd4+ 39. Kf1 Bc3
40. Kf2 Bxe1+ 41. Kf3 Bc3 42. Qxd5 R1a3 43. c6 Bf6+ 44. Kg4 b3 45. Qf5 Kg7 46.
h4 b2 47. h5 Rg8 48. Qb5 Ra1 0-1

[Event "45th Biel Masters Open"]
[Site "Biel SUI"]
[Date "2012.07.27"]
[Round "5"]
[White "Sengupta, D."]
[Black "Bauer, Ch"]
[Result "1/2-1/2"]
[WhiteElo "2548"]
[BlackElo "2681"]
[PlyCount "58"]
[EventDate "2012.07.23"]
[SourceDate "1999.07.01"]

1. e4 Nf6 2. e5 Nd5 3. d4 d6 4. c4 Nb6 5. exd6 exd6 6. Nc3 Be7 7. Be3 O-O 8.
Nf3 Re8 9. Be2 Be6 10. d5 Bg4 11. Qc2 Na6 12. h4 Qd7 13. Nd4 Bf6 14. O-O-O Nb4
15. Qb3 a5 16. Bxg4 Qxg4 17. Ncb5 Rac8 18. a3 Na6 19. Qc2 Nc5 20. Rh3 Be5 21.
h5 Qxg2 22. Rf3 Qg4 23. Rf5 Qe4 24. b3 a4 25. b4 Qxc2+ 26. Kxc2 Ncd7 27. Kd3 g6
28. hxg6 hxg6 29. Rg1 Bg7 1/2-1/2